000 00376cam a2200157ua 4500
041 _aeng
_h
082 _a823.308
_bPRO/CA
100 _aProust , Marcel.
245 _aCaptive, Part 2 /
_cMarcel Proust.
_hTextual Documents
250 _a1 /
_b.
260 _aLondon :
_bChatto and Windus ,
_c1960.
300 _a285 ; .
504 _a
942 _cBK
999 _c6837
_d6837